<?xml version="1.0" encoding="UTF-8"?>
<record
    xmlns:xsi="http://www.w3.org/2001/XMLSchema-instance"
    xsi:schemaLocation="http://www.loc.gov/MARC21/slim http://www.loc.gov/standards/marcxml/schema/MARC21slim.xsd"
    xmlns="http://www.loc.gov/MARC21/slim">

  <leader>02186nam a2200241 a 4500</leader>
  <controlfield tag="005">20260428141520.0</controlfield>
  <controlfield tag="007">cr |||aaaaaaa|</controlfield>
  <controlfield tag="008">260428s2024    mx|d||||o ||| 000 0 spa d</controlfield>
  <datafield tag="020" ind1=" " ind2=" ">
    <subfield code="a">9786078951796</subfield>
  </datafield>
  <datafield tag="040" ind1=" " ind2=" ">
    <subfield code="a">MX-MxUPN</subfield>
    <subfield code="b">spa</subfield>
    <subfield code="e">aacr2</subfield>
  </datafield>
  <datafield tag="041" ind1="0" ind2=" ">
    <subfield code="a">spa</subfield>
  </datafield>
  <datafield tag="245" ind1="1" ind2="4">
    <subfield code="a">Las pr&#xE1;cticas de la investigaci&#xF3;n y docencia en universidades p&#xFA;blicas :</subfield>
    <subfield code="b">contextos, instituciones y estrategias</subfield>
    <subfield code="h">[recurso electr&#xF3;nico en l&#xED;nea]</subfield>
  </datafield>
  <datafield tag="250" ind1=" " ind2=" ">
    <subfield code="a">Primera edici&#xF3;n</subfield>
  </datafield>
  <datafield tag="260" ind1=" " ind2=" ">
    <subfield code="a">Cuernavaca, Morelos, M&#xE9;xico :</subfield>
    <subfield code="b">Universidad Aut&#xF3;noma del Estado de Morelos,</subfield>
    <subfield code="c">2024.</subfield>
  </datafield>
  <datafield tag="300" ind1=" " ind2=" ">
    <subfield code="a">1 recurso en l&#xED;nea (237 p&#xE1;ginas) :</subfield>
    <subfield code="b">gr&#xE1;ficas, PDF</subfield>
  </datafield>
  <datafield tag="505" ind1=" " ind2=" ">
    <subfield code="t">Comunicaci&#xF3;n cient&#xED;fica en acad&#xE9;micos de Ciencias de la Comunicaci&#xF3;n: Pol&#xED;ticas de evaluaci&#xF3;n y su influencia en las transformaciones /</subfield>
    <subfield code="r">Emilia Castillo Ochoa.--</subfield>
    <subfield code="t">J&#xF3;venes investigadores y precariedad laboral: algunos elementos de an&#xE1;lisis /</subfield>
    <subfield code="r">Andrea Catal&#xE1;n Montiel, Isabel Izquierdo y Benjam&#xED;n Bazald&#xFA;a Mu&#xF1;oz.--</subfield>
    <subfield code="t">Trayectancias: &#xBF;espacios de asociaci&#xF3;n voluntaria para la producci&#xF3;n colegida de conocimiento o arenas de lucha en la colaboraci&#xF3;n forzada dentro de los Cuerpos Acad&#xE9;micos? /</subfield>
    <subfield code="r">Amelia Molina Garc&#xED;a.--</subfield>
    <subfield code="t">El sentido autopoi&#xE9;tico del campo acad&#xE9;mico como campo de luchas: caso Universidad Aut&#xF3;noma del Estado de Hidalgo /</subfield>
    <subfield code="r">Jaqueline Anzaldo &#xC1;lvarez.--</subfield>
    <subfield code="t">Colaboraciones cient&#xED;ficas en los acad&#xE9;micos de la Universidad Aut&#xF3;noma del Estado de Hidalgo. Un acercamiento comparado /</subfield>
    <subfield code="r">Christian Ponce Crespo.--</subfield>
    <subfield code="t">La percepci&#xF3;n de investigadoras en Matem&#xE1;tica Educativa sobre las funciones sustantivas durante la pandemia de covid-19 /</subfield>
    <subfield code="r">Flor Monserrat Rodr&#xED;guez V&#xE1;squez, Mar&#xED;a del Socorro Garc&#xED;a Gonz&#xE1;lez y Catalina Navarro Sandoval.--</subfield>
    <subfield code="t">Estrategias de posicionamiento en el campo cient&#xED;fico mexicano /</subfield>
    <subfield code="r">Jos&#xE9; Alejandro L&#xF3;pez Jim&#xE9;nez.--</subfield>
    <subfield code="t">La salud y estr&#xE9;s entre acad&#xE9;micos. Modelo de an&#xE1;lisis e intervenci&#xF3;n /</subfield>
    <subfield code="r">Guillermo L&#xF3;pez Franco.</subfield>
  </datafield>
  <datafield tag="506" ind1="0" ind2=" ">
    <subfield code="a">Acceso abierto</subfield>
  </datafield>
  <datafield tag="700" ind1="1" ind2=" ">
    <subfield code="a">Izquierdo, Isabel </subfield>
    <subfield code="9">54461</subfield>
    <subfield code="e">coordinaci&#xF3;n</subfield>
  </datafield>
  <datafield tag="700" ind1="1" ind2=" ">
    <subfield code="a">Ponce Crespo, Christian</subfield>
    <subfield code="9">59424</subfield>
    <subfield code="e">coordinaci&#xF3;n</subfield>
  </datafield>
  <datafield tag="856" ind1="4" ind2="0">
    <subfield code="u">http://riaa.uaem.mx/handle/20.500.12055/4835</subfield>
  </datafield>
  <datafield tag="902" ind1=" " ind2=" ">
    <subfield code="a">JohanaAllegre/280426</subfield>
  </datafield>
  <datafield tag="942" ind1=" " ind2=" ">
    <subfield code="2">lcc</subfield>
    <subfield code="c">LIBRO-E</subfield>
  </datafield>
  <datafield tag="952" ind1=" " ind2=" ">
    <subfield code="0">0</subfield>
    <subfield code="1">0</subfield>
    <subfield code="2">lcc</subfield>
    <subfield code="4">0</subfield>
    <subfield code="7">0</subfield>
    <subfield code="8">CAA</subfield>
    <subfield code="a">BCUPN50</subfield>
    <subfield code="b">BCUPN50</subfield>
    <subfield code="c">ENL</subfield>
    <subfield code="d">2026-04-28</subfield>
    <subfield code="l">0</subfield>
    <subfield code="r">2026-04-28 14:15:36</subfield>
    <subfield code="u">http://riaa.uaem.mx/handle/20.500.12055/4835</subfield>
    <subfield code="w">2026-04-28</subfield>
    <subfield code="y">LIBRO-E</subfield>
  </datafield>
  <datafield tag="999" ind1=" " ind2=" ">
    <subfield code="c">215027</subfield>
    <subfield code="d">215027</subfield>
  </datafield>
</record>
